KOHA-Header-6

مجروح افکار (Record no. 13962)

000 -LEADER
fixed length control field 00216nam a22000977a 4500
100 ## - MAIN ENTRY--AUTHOR NAME
Personal name افتخار قطب
245 ## - TITLE STATEMENT
Title مجروح افکار
260 ## - PUBLICATION, DISTRIBUTION, ETC. (IMPRINT)
Place of publication کراچی
Name of publisher ماس پرنٹرز
300 ## - PHYSICAL DESCRIPTION
Number of Pages 229
942 ## - ADDED ENTRY ELEMENTS (KOHA)
Koha item type Books
Holdings
Withdrawn status Lost status Collection code Permanent Location Current Location Shelving location Date acquired Accession Number Koha item type
    Urdu Literature MAJU MAJU Shelf No.A12 2024-08-30 11052 Books

Powered by Koha